000 00631nam a2200241Ia 4500
003 OSt
005 20220924152836.0
006 a|||||r|||| 00| 0
007 ta
008 220923b |||||||| |||| 00| 0 ara d
024 _a345055
037 _cTextual
040 _aARTS
_cARTS
_bara
041 _2ara
_aara
082 _aV467:1194.N7, 28M4
100 _aWahib Hani Au.
_9227613
245 0 _aMulla Hamir Khalida fi qadisia Saddam
260 _c1984
300 _a196p.
_ccm.
650 _aIRAQ - HISTORY
942 _hV467:1194.N7, 28M4
_cTEXL
_2CC
999 _c471208
_d471208